Principles of Data Integration (Record no. 11055)

MARC details
000 -LEADER
fixed length control field 00464nam a22001937a 4500
003 - CONTROL NUMBER IDENTIFIER
control field OSt
008 - FIXED-LENGTH DATA ELEMENTS--GENERAL INFORMATION
fixed length control field 220112b ||||| |||| 00| 0 eng d
020 ## - INTERNATIONAL STANDARD BOOK NUMBER
International Standard Book Number 9789382291565
082 ## - DEWEY DECIMAL CLASSIFICATION NUMBER
Classification number 005.73 DOP
100 ## - MAIN ENTRY--PERSONAL NAME
Personal name DOAN,Anhai
245 ## - TITLE STATEMENT
Title Principles of Data Integration
250 ## - EDITION STATEMENT
Edition statement 1st
260 ## - PUBLICATION, DISTRIBUTION, ETC. (IMPRINT)
Place of publication, distribution, etc New Delhi
Name of publisher, distributor, etc Elsevier Morgan Kaufmann Pub.
Date of publication, distribution, etc 2013
300 ## - PHYSICAL DESCRIPTION
Extent 497
650 ## - SUBJECT ADDED ENTRY--TOPICAL TERM
Topical term or geographic name as entry element MCA
700 ## - ADDED ENTRY--PERSONAL NAME
Personal name HALEVY,Alon
700 ## - ADDED ENTRY--PERSONAL NAME
Personal name IVES,Zschary
942 ## - ADDED ENTRY ELEMENTS (KOHA)
Source of classification or shelving scheme Dewey Decimal Classification
Koha item type Text Books
942 ## - ADDED ENTRY ELEMENTS (KOHA)
-- 1
Holdings
Withdrawn status Lost status Source of classification or shelving scheme Damaged status Not for loan Collection code Home library Current library Date acquired Source of acquisition Currency Cost, normal purchase price Bill Number Total Checkouts Full call number Acc. no. / Barcode Checked out Date last seen Date last borrowed Actual Cost, discounted price Bill Date Koha item type
    Dewey Decimal Classification     MCA PIET C-LIBRARY PIET C-LIBRARY 10/01/2022 Amazon IN Rupees 538.00 DEL519715033 1 005.73 DOP 33435 11/07/2022 12/01/2022 12/01/2022 538.00 10/01/2022 Text Books

Design & Developed by: PIET Central Library
R70 Miles Stone Pattikalyana Samalkha Panipat 132102
mail ID :- [email protected], Phone No:- 0180-2569700 Ex.216